1458 1791 1178 1849 1002 1633 1601 1540 1409 1008 1328 1985 1460 1286 1141 1275 1544 1589 1631 1745 1078 1241 1050 1657 1386 1146 1021 1001 1059 1829 1414 1800 1168 1682 1827 1432 1805 1584 1455 1314 1908 1555 1592 1410 1844 1852 1342 1216 1039 1311 1325 1772 1417 1985 1597 1713 1759 1433 1824 1001 1082 1925 1504 1937 1039 1409 1991 1495 1536 1279 1778 1637 1259 1888 1914 1751 1742 1420 1817 1790 1603 1221 1379 1000 1195 1048 1270 1510 1756 1613 1287 1665 1039 1274 1442 1712 1262 1639 1649 BCNSPRNW ULIB Ver.6.0+V

เปลี่ยนเป็นภาษาไทย

Change to English
 แสดงรายละเอียดบรรณานุกรม
  กลับหน้าหลัก

Brief Record : Get Marc (ISO 2709) : E-mail record : QR code < ปิดหน้าต่าง
LEADER : 00000nam 2200000uu 4500
001    13399127706
003     ULIB
008    210420s2563||||th 000 0 tha d
020    ^a9789749747667
060 04 ^aWT116^bก461
245 00 ^aการบูรณาการดูแลด้านสุขภาพและสังคม เพื่อส่งเสริมการมีอายุยืน =^bIntegrated health and social care to promote longevity /^cวีรศักดิ์ เมืองไพศาล บรรณาธิการ
246 34 ^aการบูรณาการด้านสุขภาพและสังคมเพื่อการมีอายุยืน
246 31 ^aIntegrated health and social care to promote longevity
250    ^aพิมพ์ครั้งที่ 1
260    ^aกรุงเทพฯ :^bสมาคมพฤฒาวิทยาและเวชศาสตร์ผู้สูงอายุไทย,^c2563
300    ^a184 หน้า :^bภาพประกอบ ;^c26 ซม.
504    ^aมีบรรณานุกรมและดัชนี
650  4 ^aการมีอายุยืน
650  4 ^aผู้สูงอายุ^xการดูแล
650  4 ^aผู้สูงอายุ^xสุขภาพและอนามัย
653    ^aผลงานอาจารย์คณะแพทยศาสตร์ศิริราชพยาบาล
700 0  ^aวีรศักดิ์ เมืองไพศาล,^eบรรณาธิการ
710 2  ^aสมาคมพฤฒาวิทยาและเวชศาสตร์ผู้สูงอายุไทย
945    ^p300^l0^i008031
999    ^aประนอม เกษจรัล
รายการนี้ยังไม่มีแท็ก
คุณยังไม่ได้ล็อกอิน คุณสามารถมีกิจกรรมร่วมกับเว็บไซต์ได้ แต่ต้องล็อกอินก่อน ::
  ล็อกอิน

รายการสื่อสารสนเทศ

ลำดับที่ ประเภท เลขเรียก/บาร์โค้ด สถานที่ สถานะ
1. วิทยาศาสตร์การแพทย์ และสุขภาพ
วิทยาศาสตร์การแพทย์ และสุขภาพ
WT116 ก461 ฉ.1 
  Barcode: 008031
ห้องสมุดวิทยาเขตสวรรค์ประชารักษ์
►หนังสือทั่วไป
บนชั้น

รายการใกล้เคียง
    หัวเรื่อง [การมีอายุยืน]
    หัวเรื่อง [ผู้สูงอายุ การดูแล]

BibComment


ยังไม่เคยถูกคอมเมนท์

คอมเมนท์ทรัพยากรรายการนี้
  คอมเมนท์: การบูรณาการดูแลด..


 Copyright 2026. Bcnsprnw @Library